Nói chuyện về quản lý

Đã lưu trong:
书目详细资料
主要作者: V M Gluskov
格式: 图书
语言:Undetermined
出版: Hà Nội Lao Động 1978
主题:
标签: 添加标签
没有标签, 成为第一个标记此记录!
Thư viện lưu trữ: Trung tâm Học liệu Trường Đại học Cần Thơ
LEADER 00495nam a2200169Ia 4500
001 CTU_11260
008 210402s9999 xx 000 0 und d
082 |a 658 
082 |b G567 
100 |a V M Gluskov 
245 0 |a Nói chuyện về quản lý 
245 0 |c V M Gluskov, G M Dobrov, V I Tereshenko; Dịch giả: Đỗ Mai 
260 |a Hà Nội 
260 |b Lao Động 
260 |c 1978 
650 |a management 
980 |a Trung tâm Học liệu Trường Đại học Cần Thơ